[Event "Niederbayernliga 0506"]
[Site "Germany"]
[Date "2005.??.??"]
[Round "2"]
[White "Wimmer, Hermann"]
[Black "Bock, Ortwin"]
[Result "0-1"]
[WhiteElo "1423"]
[BlackElo "1904"]
[PlyCount "74"]
[EventDate "2005.??.??"]
[EventType "team"]
[EventRounds "9"]
[EventCountry "GER"]
[SourceTitle "EXT 2008"]
[Source "ChessBase"]
[SourceDate "2007.11.25"]
[SourceVersion "1"]
[SourceVersionDate "2007.11.25"]
[SourceQuality "1"]
[WhiteTeam "Simbach"]
[BlackTeam "Landshut"]
[WhiteTeamCountry "GER"]
[BlackTeamCountry "GER"]

1. d4 Nf6 2. c4 e5 3. dxe5 Ng4 4. Bf4 Nc6 5. Nf3 Bb4+ 6. Nc3 Qe7 7. Qd5 f6 8. exf6 Bxc3+ 9. bxc3 Nxf6 10. Qd1 d6 11. e3 0-0 12. Be2 Ne4 13. Qb3 Nc5 14. Qb2 Rxf4 15. 0-0 Rf8 16. Nd4 Ne5 17. Rad1 Be6 18. Nxe6 Qxe6 19. Rd4 Rae8 20. Qc2 Qg6 21. Qd1 Qf6 22. Rf4 Qe7 23. Rd4 Nc6 24. Rg4 Ne5 25. Rd4 Ne6 26. Re4 Rf6 27. f4 Nc5 28. Qd5+ Qf7 29. Rxe5 dxe5 30. Qxc5 exf4 31. Qxa7 fxe3 32. Rf3 Rxf3 33. gxf3 Qg6+ 34. Kh1 Qb1+ 35. Kg2 Qe1 36. Qxb7 Qxe2+ 37. Kg3 Qf2+ 0-1